Zisky z krízy alebo aj teraz sa dá profitovať

Bibliographic Details
Main Author: Burák, Emil, 1963- (Author)
Format: Article
Language:Slovak
ISSN:1336-393X
Subjects:

MARC

LEADER 00000nab a2200000 a 4500
001 vtls009487156
003 SK-MaSNL
005 20260304153900.0
008 250507c2009 xo mr|p|||||||000 b|slo
015 |a SNBRB2009/03  |2 snkbucl 
035 |a urn:nbn:sk:snk-ab8bx9 
035 |a (urnnbn)urn:nbn:sk:snk:ar-a07vly 
035 |a (uuid)2cafc573-dc34-4e6e-8f93-5473afd3c371 
038 |a SNKBUCL 
040 |a SNKBUCL  |b slo  |c SNKBUCL  |e AACR2 
041 0 |a slo 
044 |a xo  |c SK 
080 |a 338.124.4:336.7  |2 2001 
100 1 |a Burák, Emil,  |d 1963-  |4 aut  |9 231617 
245 1 0 |a Zisky z krízy alebo aj teraz sa dá profitovať  |c Emil Burák 
650 0 7 |a globálna finančná kríza  |2 snkbucl  |9 771335 
650 0 7 |a straty (ekonomika)  |2 snkbucl  |9 13604 
650 0 7 |a zisk  |2 SNKPH  |9 13920 
773 0 |t Eurobiznis  |g Roč. 9., č. 3 (2009), s. 44-45  |x 1336-393X 
850 |a Slovenská národná knižnica 
852 |a Slovenská národná knižnica 
954 |a odborná, vedecká literatúra pôvodná (slovenská)  |2 lita 
958 |a article9 
958 |a OND 
958 |a EUIPO 
999 |c 2955331  |d 2957261